Història de la medicina catalana sota el franquisme i les seves conseqüències / Jacint Reventós, Anna Garcia i Carme Piqué
ISBN:
84-85348-76-71
Descripción Física:
269 p. ; 19 cm
MARC
| LEADER | 00000nam a2200000Ia 4500 | ||
|---|---|---|---|
| 001 | 17370 | ||
| 008 | 160829s1990 xx 000 0 cat d | ||
| 020 | |a 84-85348-76-71 | ||
| 080 | |a C-2-420 | ||
| 100 | |a Reventós, Jacint |9 23509 | ||
| 245 | |a Història de la medicina catalana sota el franquisme i les seves conseqüències / Jacint Reventós, Anna Garcia i Carme Piqué | ||
| 260 | |a Barcelona : |b Hacer, |c 1990 | ||
| 300 | |a 269 p. ; |c 19 cm | ||
| 590 | |a Bibliografia | ||
| 650 | |a Medicina |x Catalunya |x Història |x S. XX |9 23510 | ||
| 700 | |a Garcia, Anna |9 23511 | ||
| 700 | |a Piqué, Carme |9 23512 | ||
| 901 | |a Arxiu | ||
| 942 | |n 1 | ||
| 952 | |0 0 |1 0 |4 0 |6 C2420 |7 1 |9 42735 |a Arxiu |b Arxiu |d 2016-12-01 |l 0 |o C-2-420 |p 17370 |r 2016-12-01 00:00:00 |w 2016-12-01 |y ARXIU | ||
| 999 | |c 45241 |d 45241 | ||